000 00854nam a2200229 i 4500
001 9188
003 ES-MaACL
005 20230906145627.0
007 t|
008 930521s1989 sp ||||1|aspa d
020 _a84-404-3383-2
080 _a929 Ramos Argüelles, Antonio
080 _a94(460)"1930/1950"
100 1 _aRamos Argüelles, Antonio.
_995281
245 1 0 _aRecuerdos de mi infancia y juventud
_b: (1930-1950) : (impresiones del hijo de un republicano fusilado) /
_cAntonio Ramos Argüelles.
260 _a[Algeciras] :
_bEl autor,
_c1989 (
_fTip. Castillo)
300 _a313, [2] p. ;
_c30 cm.
600 1 4 _aRamos Argüelles, Antonio.
_995281
651 4 _aEspaña-
_xHistoria-
_y1931-1939, II República-
_vRelatos personales.
_98290
651 4 _aEspaña-
_xHistoria-
_y1939-1955-
_vRelatos personales.
_98330
852 _aES-MaACL
_jL-16670
999 _c9188
_d9188